| 000 | 01266nam a2200193 i 4500 | ||
|---|---|---|---|
| 001 | 768714001 | ||
| 003 | CO-MdFUSB | ||
| 005 | 20220725144948.0 | ||
| 008 | 220725b ||||| |||| 00| 0 eng d | ||
| 040 |
_bspa _cCO-MdFUSB _dCO-MdFUSB |
||
| 041 | _aspa | ||
| 100 |
_aGorki, Máximo, _eautor |
||
| 245 |
_aCaminando por el mundo _c/ Máximo Gorki |
||
| 300 |
_a Volumen 9, (1984) páginas 65- 311 ; _c22 cm |
||
| 520 | _aPor el mundo narra los primeros pasos de Alekséi en un universo, el de los adultos, complejo y lleno de matices. Asistiremos a su aprendizaje de multitud de oficios, que lo llevarán de ser empleado en una zapatería a capataz, pasando por friegaplatos en un barco que traslada presos a Siberia, criado en la casa de unos familiares o vendedor en una tienda de iconos. En las páginas de este volumen se nos presentan una gran cantidad de personajes, algunos oscuros y míseros, otros en cambio deslumbrantes; de ellos aprenderá el joven Gorki sobre los rigores de la vida y también sobre la gran literatura, que se convertirá en su refugio y en la forja de su carácter. | ||
| 653 | _aLiteratura rusa | ||
| 773 | 0 |
_067924 _981148 _aOveja Negra, _o24698 _tMaestros de la literatura universal _w(CO-MdFUSB)768714001 _z8482806718 |
|
| 942 | _cBK | ||
| 999 |
_c67989 _d67989 |
||